01315nam a2200229Ia 4500100003300000650002500033250000600058942000700064366000900071654001800080245004000098260004400138082001900182300000800201546001200209999001700221952016700238952016700405952017900572952016700751952016700918 aTaub/Herbert/ Schilling/D.L  aCommunication system a3 cBK f17.5 acommunication aPrinciples of communication systems bTata Mc Graw hill Ltd.aNew Delhic2008 a004.6/TAUbTAU a842 aENGLISH c21273d21273 001040708CRCaCRCEbCRCEd2023-03-17eEducational books and periodicalsg288.75i189 dt 09/02/2009l0o004.6/TAU TAUp19332r2023-03-17v350.00w0000-00-00yBK 001040708CRCaCRCEbCRCEd2023-03-17eEducational books and periodicalsg288.75i189 dt 09/02/2009l0o004.6/TAU TAUp19333r2023-03-17v350.00w0000-00-00yBK 001040708CRCaCRCEbCRCEd2023-03-17eEducational books and periodicalsg288.75i189 dt 09/02/2009l1o004.6/TAU TAUp19334r2025-12-01s2025-09-25v350.00w0000-00-00yBK 001040708CRCaCRCEbCRCEd2023-03-17eEducational books and periodicalsg288.75i189 dt 09/02/2009l0o004.6/TAU TAUp19335r2023-03-17v350.00w0000-00-00yBK 001040708CRCaCRCEbCRCEd2023-03-17eEducational books and periodicalsg288.75i189 dt 09/02/2009l0o004.6/TAU TAUp19336r2023-03-17v350.00w0000-00-00yBK